[Event "Rio de Janeiro Sartori Memorial 2nd"]
[Site "Rio de Janeiro"]
[Date "2018.07.24"]
[Round "6"]
[White "Rodrigues, Nei Jorge"]
[Black "Frota, Alvaro M"]
[Result "1-0"]
[WhiteElo "2157"]
[BlackElo "2107"]
[PlyCount "71"]
[EventDate "2018.06.19"]
[EventType "swiss"]
[EventRounds "6"]
[EventCountry "BRA"]
[SourceTitle "EXT 2019"]
[Source "ChessBase"]
[SourceDate "2018.10.10"]
[SourceVersion "1"]
[SourceVersionDate "2018.10.10"]
[SourceQuality "1"]

1. Nf3 d5 2. d4 c5 3. e3 e6 4. b3 Nf6 5. Bd3 cxd4 6. exd4 Bb4+ 7. c3 Be7 8. 0-0 0-0 9. Re1 Ne8 10. Qe2 Nc6 11. b4 Nd6 12. a4 a6 13. Nbd2 b6 14. Nb3 Re8 15. Bf4 Bb7 16. a5 Ne4 17. Bxe4 dxe4 18. Nfd2 g5 19. Be3 b5 20. Qh5 f5 21. f4 Kh8 22. fxg5 Rg8 23. h4 Bd6 24. Rf1 Ne7 25. Nc5 Bd5 26. Qe2 Qc7 27. c4 Bh2+ 28. Kh1 f4 29. cxd5 fxe3 30. Ndxe4 Nxd5 31. Nxe6 Qe7 32. Qg4 Bb8 33. Qf5 Ra7 34. Qxd5 Rd7 35. Qf5 Rg6 36. Qf8+ 1-0

[Event "Rio de Janeiro Primavera op"]
[Site "Rio de Janeiro"]
[Date "2015.11.21"]
[Round "5"]
[White "Noseda, Francesco"]
[Black "Frota, Alvaro M"]
[Result "1-0"]
[WhiteElo "1905"]
[BlackElo "1994"]
[PlyCount "95"]
[EventDate "2015.11.07"]
[EventType "swiss"]
[EventRounds "6"]
[EventCountry "BRA"]
[SourceTitle "CBM 169 Extra"]
[Source "ChessBase"]
[SourceDate "2015.12.18"]
[SourceVersion "1"]
[SourceVersionDate "2015.12.18"]
[SourceQuality "1"]

1. e4 e5 2. f4 exf4 3. Nf3 d5 4. exd5 Nf6 5. Bb5+ c6 6. dxc6 Nxc6 7. d4 Bd6 8. 0-0 0-0 9. c3 Bg4 10. Nbd2 Rc8 11. Bd3 Re8 12. Re1 Bb8 13. Ne4 Nd5 14. Bd2 Rc7 15. Nf2 Rxe1+ 16. Qxe1 Re7 17. Qf1 Bxf3 18. gxf3 Qd6 19. Qh3 g6 20. Ne4 Qd8 21. Qh6 Qf8 22. Qh4 Qg7 23. Qh3 Re8 24. Nf2 Ne3 25. Qd7 Re7 26. Qc8+ Qf8 27. Qxf8+ Kxf8 28. Re1 f5 29. Nd1 Nd5 30. Rxe7 Kxe7 31. Kf2 Ke6 32. a3 Nf6 33. Bc4+ Kd6 34. Bxf4+ Kd7 35. Bxb8 Nxb8 36. Ke3 Kd6 37. Nf2 g5 38. Nd3 Nc6 39. Bf7 Nd8 40. Bb3 Nc6 41. Nc5 Nd8 42. c4 f4+ 43. Kd3 h5 44. Ne4+ Nxe4 45. Kxe4 b6 46. Kf5 Ne6 47. c5+ bxc5 48. Bxe6 1-0

[Event "Rio de Janeiro Primavera op"]
[Site "Rio de Janeiro"]
[Date "2015.11.07"]
[Round "1"]
[White "Da Luz, Luiz Alberto"]
[Black "Frota, Alvaro M"]
[Result "0-1"]
[WhiteElo "1446"]
[BlackElo "1994"]
[PlyCount "70"]
[EventDate "2015.11.07"]
[EventType "swiss"]
[EventRounds "6"]
[EventCountry "BRA"]
[SourceTitle "CBM 169 Extra"]
[Source "ChessBase"]
[SourceDate "2015.12.18"]
[SourceVersion "1"]
[SourceVersionDate "2015.12.18"]
[SourceQuality "1"]

1. d4 Nf6 2. c4 g6 3. Nc3 Bg7 4. e4 d6 5. f4 0-0 6. Be2 Na6 7. a3 c5 8. d5 e6 9. Nf3 exd5 10. cxd5 Nc7 11. 0-0 b5 12. e5 dxe5 13. fxe5 Nfxd5 14. Nxb5 Nxb5 15. Bxb5 Bb7 16. Bc4 Nb6 17. Be2 Qc7 18. Bf4 Rad8 19. Qb3 c4 20. Rac1 Ba6 21. Qc2 f6 22. exf6 Qc5+ 23. Kh1 Bxf6 24. Bg3 Rfe8 25. Bf2 Qc6 26. h3 Rc8 27. Nd4 Qe4 28. Qxe4 Rxe4 29. Bf3 Rxd4 30. Bxd4 Bxd4 31. Rfd1 Bxb2 32. Rb1 c3 33. Re1 Bd3 34. Rbd1 Bc2 35. Rd6 Ba4 0-1

[Event "Rio de Janeiro Primavera op"]
[Site "Rio de Janeiro"]
[Date "2015.11.07"]
[Round "2"]
[White "Frota, Alvaro M"]
[Black "Rios Filho, Hilton Carlos da Si"]
[Result "0-1"]
[WhiteElo "1994"]
[BlackElo "2163"]
[PlyCount "84"]
[EventDate "2015.11.07"]
[EventType "swiss"]
[EventRounds "6"]
[EventCountry "BRA"]
[SourceTitle "CBM 169 Extra"]
[Source "ChessBase"]
[SourceDate "2015.12.18"]
[SourceVersion "1"]
[SourceVersionDate "2015.12.18"]
[SourceQuality "1"]

1. e4 Nc6 2. d4 d5 3. e5 Bf5 4. Be3 f6 5. f4 Qd7 6. Bb5 e6 7. Nf3 Nge7 8. Nbd2 0-0-0 9. Nb3 a6 10. Nc5 Qe8 11. Qe2 Ng6 12. Ba4 Bg4 13. exf6 gxf6 14. Nxa6 Bxf3 15. gxf3 Nxd4 16. Bxd4 Qxa4 17. Qxe6+ Qd7 18. Qxd7+ Kxd7 19. Nc5+ Bxc5 20. Bxc5 Nxf4 21. Kd2 Rhg8 22. Rhg1 Nh3 23. Rg3 Ng5 24. Ke2 Ne6 25. Be3 f5 26. Rag1 Rxg3 27. hxg3 Re8 28. Kf2 d4 29. Bxd4 Nxd4 30. Rd1 c5 31. c3 Re2+ 32. Kf1 Rxb2 33. a4 Kc6 34. cxd4 c4 35. d5+ Kd6 36. g4 fxg4 37. fxg4 c3 38. Rc1 c2 39. Ke2 Kxd5 40. Kd3 Kc5 41. Kc3 Rb4 42. Rh1 Rc4+ 0-1

[Event "Macae Sudeste-ch"]
[Site "Macae"]
[Date "2015.05.03"]
[Round "6"]
[White "Frota, Alvaro M"]
[Black "Silva, Marcelo dos Santos"]
[Result "1/2-1/2"]
[WhiteElo "1989"]
[BlackElo "1990"]
[PlyCount "45"]
[EventDate "2015.05.01"]
[EventType "swiss"]
[EventRounds "6"]
[EventCountry "BRA"]
[SourceTitle "CBM 166 Extra"]
[Source "ChessBase"]
[SourceDate "2015.06.18"]
[SourceVersion "1"]
[SourceVersionDate "2015.06.18"]
[SourceQuality "1"]

1. e4 e6 2. d4 d5 3. Nc3 dxe4 4. Nxe4 Bd7 5. Nf3 Bc6 6. Neg5 Be7 7. Bd3 Bxf3 8. Qxf3 Nf6 9. Qxb7 Nbd7 10. Qf3 0-0 11. c3 Rb8 12. b3 e5 13. 0-0 exd4 14. cxd4 c5 15. Bf4 Rb4 16. d5 Rd4 17. Bc4 h6 18. d6 Bxd6 19. Bxd6 Rxd6 20. Ne4 Nxe4 21. Qxe4 Rd4 22. Qf5 Qf6 23. Qxf6 1/2-1/2

[Event "Botafogo Fexerj op"]
[Site "Botafogo"]
[Date "2015.01.25"]
[Round "6"]
[White "Barbosa, Rayssa A Ichimura G"]
[Black "Frota, Alvaro M"]
[Result "1-0"]
[WhiteElo "1368"]
[BlackElo "2054"]
[PlyCount "64"]
[EventDate "2015.01.23"]
[EventType "swiss"]
[EventRounds "6"]
[EventCountry "BRA"]
[SourceTitle "CBM 164 Extra"]
[Source "ChessBase"]
[SourceDate "2015.03.02"]
[SourceVersion "1"]
[SourceVersionDate "2015.03.02"]
[SourceQuality "1"]

1. e4 e5 2. Nf3 Nc6 3. Nc3 Nf6 4. d4 exd4 5. Nxd4 Bb4 6. Nxc6 bxc6 7. Bd3 d6 8. Bg5 h6 9. Be3 0-0 10. 0-0 Re8 11. f3 d5 12. a3 Bd6 13. Qc1 Qe7 14. Bxh6 Bc5+ 15. Kh1 Nh5 16. Bg5 f6 17. Bd2 g6 18. Be1 Bd6 19. Qh6 Qg7 20. Qxg7+ Kxg7 21. exd5 Bb7 22. dxc6 Bxc6 23. Bf2 Rab8 24. Rab1 Rh8 25. Kg1 Nf4 26. Bg3 Bc5+ 27. Kh1 Nh5 28. Ne2 Rbe8 29. Bf2 Bd6 30. Kg1 Bxh2+ 31. Kxh2 Rxe2 32. Kg1 Re5 1-0

[Event "Botafogo Fexerj op"]
[Site "Botafogo"]
[Date "2015.01.25"]
[Round "5"]
[White "Frota, Alvaro M"]
[Black "Fontes, Enzo Emanuel Victor"]
[Result "0-1"]
[WhiteElo "2054"]
[BlackElo "1598"]
[PlyCount "90"]
[EventDate "2015.01.23"]
[EventType "swiss"]
[EventRounds "6"]
[EventCountry "BRA"]
[SourceTitle "CBM 164 Extra"]
[Source "ChessBase"]
[SourceDate "2015.03.02"]
[SourceVersion "1"]
[SourceVersionDate "2015.03.02"]
[SourceQuality "1"]

1. e4 c5 2. Nf3 d6 3. d4 cxd4 4. Nxd4 Nf6 5. Nc3 a6 6. Bg5 e6 7. Qf3 Be7 8. 0-0-0 Qc7 9. Qg3 Nbd7 10. f4 b5 11. Bxf6 Bxf6 12. Bxb5 axb5 13. Ndxb5 Qc5 14. Nxd6+ Ke7 15. e5 Nxe5 16. Nde4 Qc7 17. Nxf6 gxf6 18. fxe5 Qxe5 19. Qg7 Qg5+ 20. Qxg5 fxg5 21. Rhe1 Bb7 22. g3 h5 23. Nd5+ Kf8 24. Nb4 Ke7 25. Re5 f6 26. Rb5 Bf3 27. Rd3 g4 28. Rc3 Kf7 29. Nd3 e5 30. Rb6 Ra7 31. a4 Re8 32. Ra3 e4 33. Nf4 Rd7 34. b4 Rd1+ 35. Kb2 e3 36. a5 e2 37. Nxe2 Rxe2 38. a6 Be4 39. Rc3 Ree1 40. Rc7+ Kg6 41. c4 Rd3 42. Re7 Re2+ 43. Kc1 Ra3 44. Kd1 Rxh2 45. Rxe4 Ra1# 0-1

[Event "Botafogo Fexerj op"]
[Site "Botafogo"]
[Date "2015.01.23"]
[Round "1"]
[White "Frota, Alvaro M"]
[Black "Lukjanenko Callegari, Lucca"]
[Result "0-1"]
[WhiteElo "2054"]
[BlackElo "1259"]
[PlyCount "24"]
[EventDate "2015.01.23"]
[EventType "swiss"]
[EventRounds "6"]
[EventCountry "BRA"]
[SourceTitle "CBM 164 Extra"]
[Source "ChessBase"]
[SourceDate "2015.03.02"]
[SourceVersion "1"]
[SourceVersionDate "2015.03.02"]
[SourceQuality "1"]

1. e4 d5 2. exd5 Nf6 3. c4 e6 4. d4 Bb4+ 5. Bd2 Bxd2+ 6. Qxd2 exd5 7. Nc3 Qe7+ 8. Qe2 Qxe2+ 9. Bxe2 0-0 10. cxd5 Bf5 11. Bf3 c6 12. Nge2 g5 0-1

[Event "Rio de Janeiro Autumn op"]
[Site "Rio de Janeiro"]
[Date "2014.06.06"]
[Round "4"]
[White "Frota, Alvaro M"]
[Black "Rios Filho, Hilton Carlos da Si"]
[Result "0-1"]
[WhiteElo "2060"]
[BlackElo "2159"]
[PlyCount "50"]
[EventDate "2014.05.30"]
[EventType "swiss"]
[EventRounds "6"]
[EventCountry "BRA"]
[SourceTitle "EXT 2015"]
[Source "ChessBase"]
[SourceDate "2014.11.20"]
[SourceVersion "1"]
[SourceVersionDate "2014.11.20"]
[SourceQuality "1"]

1. e4 Nc6 2. Nf3 Nf6 3. e5 Ng4 4. d4 d6 5. h3 Nh6 6. exd6 exd6 7. g4 f5 8. g5 Nf7 9. Bc4 d5 10. Bb3 Be6 11. Qe2 Qd7 12. c4 Bb4+ 13. Bd2 0-0 14. c5 Rfe8 15. Nc3 b6 16. 0-0 f4 17. Bc2 Bf5 18. Qd1 Bxc3 19. bxc3 Bxc2 20. Qxc2 Qxh3 21. g6 hxg6 22. Qxg6 Qxf3 23. Rfe1 Ne7 24. Qe6 Kf8 25. cxb6 Ng5 0-1

[Event "Rio de Janeiro Guanabara op 2nd"]
[Site "Rio de Janeiro"]
[Date "2014.03.22"]
[Round "2"]
[White "Frota, Alvaro M"]
[Black "Rodrigues, Nei Jorge"]
[Result "0-1"]
[WhiteElo "2060"]
[BlackElo "2054"]
[PlyCount "52"]
[EventDate "2014.03.15"]
[EventType "swiss"]
[EventRounds "6"]
[EventCountry "BRA"]
[SourceTitle "EXT 2018"]
[Source "ChessBase"]
[SourceDate "2017.10.13"]
[SourceVersion "1"]
[SourceVersionDate "2017.10.13"]
[SourceQuality "1"]

1. e4 g6 2. d4 Bg7 3. Nc3 d6 4. f4 e6 5. Nf3 Ne7 6. Bd3 Nd7 7. Be3 b6 8. Qd2 Bb7 9. 0-0-0 Nf6 10. h3 a6 11. Rhf1 c5 12. g4 Qc7 13. g5 Nd7 14. Be2 0-0-0 15. Nh4 Nc6 16. d5 Nd4 17. Bg4 Rhe8 18. Nf3 exd5 19. exd5 Nxf3 20. Rxf3 Kb8 21. a4 f5 22. gxf6 Nxf6 23. f5 h5 24. fxg6 hxg4 25. hxg4 Nxg4 26. Rf7 Rd7 0-1

[Event "BRA-ch sf1 80th"]
[Site "Rio de Janeiro"]
[Date "2013.11.01"]
[Round "3"]
[White "Aranha Filho, Alvaro Zimmermann"]
[Black "Frota, Alvaro M"]
[Result "1/2-1/2"]
[WhiteElo "2232"]
[BlackElo "2087"]
[PlyCount "33"]
[EventDate "2013.10.31"]
[EventType "swiss"]
[EventRounds "7"]
[EventCountry "BRA"]
[SourceTitle "EXT 2014"]
[Source "ChessBase"]
[SourceDate "2013.11.20"]
[SourceVersion "1"]
[SourceVersionDate "2013.11.20"]
[SourceQuality "1"]

1. d4 Nf6 2. c4 g6 3. Nc3 Bg7 4. e4 d6 5. Be2 0-0 6. Bg5 c5 7. d5 a6 8. a4 Qa5 9. Bd2 Qc7 10. f4 e6 11. Nf3 exd5 12. cxd5 Bg4 13. 0-0 Nbd7 14. Be3 Rfe8 15. Qc2 c4 16. Kh1 Nc5 17. e5 1/2-1/2

[Event "BRA-ch sf1 80th"]
[Site "Rio de Janeiro"]
[Date "2013.11.01"]
[Round "2"]
[White "Frota, Alvaro M"]
[Black "Guimaraes, Diogo Duarte"]
[Result "1-0"]
[WhiteElo "2087"]
[BlackElo "2216"]
[PlyCount "73"]
[EventDate "2013.10.31"]
[EventType "swiss"]
[EventRounds "7"]
[EventCountry "BRA"]
[SourceTitle "EXT 2014"]
[Source "ChessBase"]
[SourceDate "2013.11.20"]
[SourceVersion "1"]
[SourceVersionDate "2013.11.20"]
[SourceQuality "1"]

1. e4 e5 2. Nf3 Nc6 3. Bc4 Nf6 4. d4 exd4 5. 0-0 Bc5 6. e5 d5 7. exf6 dxc4 8. Re1+ Be6 9. Ng5 Kd7 10. Nxe6 fxe6 11. Qh5 Bd6 12. Qf7+ Kc8 13. Qxe6+ Kb8 14. fxg7 Rg8 15. Bg5 Qc8 16. Nd2 Qxe6 17. Rxe6 b5 18. Bf6 Kc8 19. Rae1 Kd7 20. Nf3 d3 21. c3 Bf4 22. R6e4 Bd6 23. g4 h6 24. h4 a5 25. h5 Nd8 26. g5 Nf7 27. g6 Nd8 28. R1e3 Bc5 29. Re1 Nc6 30. Nh4 Rae8 31. Rxe8 Rxe8 32. Rxe8 d2 33. g8Q d1Q+ 34. Kg2 Qg4+ 35. Kf1 Qd1+ 36. Re1 Qd3+ 37. Kg2 1-0

[Event "Guanabara op 2nd"]
[Site "Rio de Janeiro"]
[Date "2013.05.11"]
[Round "6"]
[White "Santos Filho, Tadeu Souza"]
[Black "Frota, Alvaro M"]
[Result "1/2-1/2"]
[WhiteElo "2093"]
[BlackElo "2091"]
[PlyCount "145"]
[EventDate "2013.04.06"]
[EventType "swiss"]
[EventRounds "6"]
[EventCountry "BRA"]
[SourceTitle "EXT 2015"]
[Source "ChessBase"]
[SourceDate "2014.11.20"]
[SourceVersion "1"]
[SourceVersionDate "2014.11.20"]
[SourceQuality "1"]

1. e4 e5 2. Nf3 Nc6 3. Nc3 Nf6 4. d4 exd4 5. Nxd4 Bb4 6. Nxc6 bxc6 7. Bd3 0-0 8. 0-0 Re8 9. Qf3 h6 10. h3 d5 11. exd5 cxd5 12. Bf4 Be6 13. Rad1 c6 14. Ne2 Bd6 15. Ng3 Bxf4 16. Qxf4 Qb8 17. Qxb8 Raxb8 18. b3 g6 19. Rfe1 Bd7 20. Rxe8+ Rxe8 21. b4 a5 22. a3 axb4 23. axb4 Rb8 24. c3 Ra8 25. Kf1 Ra3 26. Ne2 Kf8 27. Ke1 Ke7 28. Kd2 Ra2+ 29. Ke3 Ne8 30. Nd4 Nd6 31. Rd2 Ra3 32. Rc2 Kf6 33. Rc1 Ke5 34. Nf3+ Ke6 35. Nd4+ Ke5 36. f3 f5 37. g3 Ra2 38. h4 Be8 39. Nc2 g5 40. hxg5 hxg5 41. f4+ Kf6 42. Ra1 Rxa1 43. Nxa1 Ne4 44. Bxe4 gxf4+ 45. Kxf4 fxe4 46. Nc2 Bd7 47. Nd4 Be8 48. Nb3 Bd7 49. Nc5 Be8 50. Nb3 Bd7 51. Nc1 Bh3 52. Nb3 Bf1 53. Nd4 Bb5 54. g4 Kg6 55. Nf5 Ba4 56. g5 Bb5 57. Kg4 Be2+ 58. Kf4 Bb5 59. Nh4+ Kg7 60. Ke5 e3 61. Nf5+ Kg6 62. Nxe3 Kxg5 63. Nxd5 cxd5 64. Kxd5 Kf6 65. c4 Ba4 66. b5 Ke7 67. Kc6 Kd8 68. Kb7 Kd7 69. Kb6 Kc8 70. Ka5 Bc2 71. c5 Be4 72. c6 Bxc6 73. bxc6 1/2-1/2

[Event "Rio de Janeiro Borensztajn op 1st"]
[Site "Rio de Janeiro"]
[Date "2012.06.23"]
[Round "5"]
[White "Ferreira, Kleber Victor"]
[Black "Frota, Alvaro M"]
[Result "1-0"]
[WhiteElo "2107"]
[BlackElo "2096"]
[PlyCount "59"]
[EventDate "2012.06.17"]
[EventType "swiss"]
[EventRounds "7"]
[EventCountry "BRA"]
[SourceTitle "CBM 149 Extra"]
[Source "ChessBase"]
[SourceDate "2012.08.24"]
[SourceVersion "1"]
[SourceVersionDate "2012.08.24"]
[SourceQuality "1"]

1. e4 e5 2. Nc3 Nf6 3. Bc4 Nc6 4. d3 d6 5. f4 Bg4 6. Nge2 exf4 7. Bxf4 Nh5 8. 0-0 Qd7 9. Bg5 f6 10. Be3 0-0-0 11. Bb5 a6 12. Ba4 Re8 13. Qd2 f5 14. Nd4 b5 15. Nxc6 Qxc6 16. Bb3 Nf6 17. a4 b4 18. Nd5 Qb7 19. Nxb4 d5 20. Nxd5 fxe4 21. dxe4 Nxe4 22. Qa5 Bd6 23. Bc4 Kd8 24. Bxa6 Qb8 25. c4 Re5 26. Bb5 Rh5 27. Bf4 Rxd5 28. cxd5 Bc5+ 29. Kh1 g5 30. Qe1 1-0

[Event "Rio de Janeiro Borensztajn op 1st"]
[Site "Rio de Janeiro"]
[Date "2012.06.23"]
[Round "4"]
[White "Frota, Alvaro M"]
[Black "Okamura, Milton Kasuo"]
[Result "1-0"]
[WhiteElo "2096"]
[BlackElo "2118"]
[PlyCount "43"]
[EventDate "2012.06.17"]
[EventType "swiss"]
[EventRounds "7"]
[EventCountry "BRA"]
[SourceTitle "CBM 149 Extra"]
[Source "ChessBase"]
[SourceDate "2012.08.24"]
[SourceVersion "1"]
[SourceVersionDate "2012.08.24"]
[SourceQuality "1"]

1. e4 c5 2. Nf3 e6 3. d4 cxd4 4. Nxd4 Nc6 5. Nc3 Qc7 6. f4 a6 7. Be3 d6 8. Be2 Nf6 9. Bf3 Bd7 10. Qe2 Be7 11. g4 h6 12. 0-0-0 0-0-0 13. h4 Na5 14. g5 Nh7 15. f5 hxg5 16. Bg4 Qc4 17. Qd2 gxh4 18. fxe6 fxe6 19. Nxe6 Nf6 20. Nd5 Qxa2 21. Nxe7+ Kb8 22. Qxd6+ 1-0

[Event "Rio de Janeiro IRT CXG BOTVINNIK"]
[Site "Rio de Janeiro"]
[Date "2011.09.03"]
[Round "3.1"]
[White "Frota, Alvaro M"]
[Black "Mascarenhas, Alberto Pinheiro"]
[Result "0-1"]
[WhiteElo "2080"]
[BlackElo "2265"]
[PlyCount "50"]
[EventDate "2011.08.13"]
[EventType "swiss"]
[EventRounds "7"]
[EventCountry "BRA"]
[SourceTitle "EXT 2022"]
[Source "ChessBase"]
[SourceDate "2021.10.06"]
[SourceVersion "1"]
[SourceVersionDate "2021.10.06"]
[SourceQuality "1"]

1. e4 e6 2. d4 b6 3. Nf3 Bb7 4. Bd3 c5 5. 0-0 cxd4 6. Nxd4 a6 7. Nc3 d6 8. Be3 Nf6 9. f4 Nbd7 10. Qe2 Qc7 11. Nb3 b5 12. a3 Be7 13. Rad1 Bc6 14. Kh1 h5 15. Nd4 Bb7 16. Nf3 Ng4 17. Bd4 Kf8 18. e5 d5 19. f5 Kg8 20. fxe6 fxe6 21. Bg6 Nf8 22. Qd3 Rh6 23. Nh4 Bxh4 24. Rf7 Be7 25. Rxf8+ Rxf8 0-1

[Event "Rio de Janeiro-ch op"]
[Site "Rio de Janeiro"]
[Date "2011.07.16"]
[Round "4"]
[White "Frota, Alvaro M"]
[Black "Reis, Virginia Lagrange M"]
[Result "0-1"]
[WhiteElo "2080"]
[BlackElo "1834"]
[PlyCount "46"]
[EventDate "2011.07.15"]
[EventType "swiss"]
[EventRounds "6"]
[EventCountry "BRA"]
[SourceTitle "CBM 143 Extra"]
[Source "ChessBase"]
[SourceDate "2011.08.29"]
[SourceVersion "1"]
[SourceVersionDate "2011.08.29"]
[SourceQuality "1"]

1. e4 e5 2. Nf3 Nc6 3. Bb5 Nf6 4. 0-0 Be7 5. Re1 d6 6. d4 exd4 7. Nxd4 Bd7 8. Bxc6 bxc6 9. Nc3 0-0 10. b3 Rb8 11. Bb2 c5 12. Nde2 Bc6 13. Ng3 Re8 14. Nf5 Qd7 15. Qf3 Bf8 16. Rad1 Re6 17. Re3 Rbe8 18. Rde1 d5 19. exd5 Rxe3 20. Rxe3 Nxd5 21. Ne4 Rxe4 22. Rxe4 Nf6 23. Bxf6 Bxe4 0-1

[Event "Rio de Janeiro IRT de Outono"]
[Site "Rio de Janeiro"]
[Date "2011.04.26"]
[Round "7.28"]
[White "Mascarenhas, Alberto Pinheiro"]
[Black "Frota, Alvaro M"]
[Result "1-0"]
[WhiteElo "2242"]
[BlackElo "2074"]
[PlyCount "41"]
[EventDate "2011.04.29"]
[EventType "tourn"]
[EventRounds "7"]
[EventCountry "BRA"]
[SourceTitle "EXT 2022"]
[Source "ChessBase"]
[SourceDate "2021.10.06"]
[SourceVersion "1"]
[SourceVersionDate "2021.10.06"]
[SourceQuality "1"]

1. d4 d5 2. c4 e6 3. Nc3 Nf6 4. Nf3 Be7 5. g3 c6 6. Bg2 Nbd7 7. b3 Bb4 8. Bd2 Bxc3 9. Bxc3 Ne4 10. Qc2 Nxc3 11. Qxc3 Qf6 12. Rc1 0-0 13. 0-0 dxc4 14. bxc4 c5 15. e3 b6 16. Ne5 Rb8 17. Nc6 Rb7 18. Rfd1 Nb8 19. Ne5 Rc7 20. d5 exd5 21. cxd5 1-0